| 000 | 00618nam a2200169Ia 4500 | ||
|---|---|---|---|
| 008 | 090711s9999 xx 000 0 und d | ||
| 082 | _b323 | ||
| 100 | _aगोसावी मो. स. आणि इतर | ||
| 245 | _aव्यवसाय संघटन | ||
| 260 |
_bकॉन्टीनेन्टल प्रकाशन _c1974 |
||
| 300 | _a472 | ||
| 600 | _aगोसावी मो. स. आणि इतर | ||
| 630 | _aव्यवसाय संघटन | ||
| 700 | _aगोसावी मो. स. आणि इतर | ||
| 730 | _aव्यवसाय संघटन | ||
| 942 | _cBOOK | ||
| 999 |
_c323785 _d323785 |
||